[Event "Salvador op"]
[Site "Salvador"]
[Date "2023.01.??"]
[Round "?"]
[White "Da Costa, Loyson Rodrigues"]
[Black "Oliveira, Marinaldo Santos"]
[Result "1-0"]
[WhiteElo "1885"]
[BlackElo "1604"]
[PlyCount "52"]
[EventDate "2023.01.12"]
[EventType "swiss"]
[EventRounds "7"]
[EventCountry "BRA"]
[SourceTitle "CBM 212 Extra"]
[Source "ChessBase"]
[SourceDate "2023.03.31"]
[SourceVersion "1"]
[SourceVersionDate "2023.03.31"]
[SourceQuality "1"]

1. d4 Nf6 2. c4 g6 3. Nc3 Bg7 4. e4 d6 5. f3 0-0 6. Be3 c6 7. Qd2 a6 8. a4 a5 9. Bd3 Na6 10. Nge2 Nb4 11. 0-0 e5 12. d5 cxd5 13. cxd5 Ne8 14. Na2 Nxd3 15. Qxd3 f5 16. Nec3 f4 17. Bf2 g5 18. g4 Nf6 19. h3 h5 20. Qe2 Qe7 21. Rfc1 Bd7 22. Nb5 Rad8 23. Bb6 Rc8 24. Bxa5 Qf7 25. Nxd6 Rxc1+ 26. Rxc1 Qg6 1-0

[Event "Salvador op"]
[Site "Salvador"]
[Date "2023.01.??"]
[Round "?"]
[White "Da Luz, Ryan Luigy Paixao"]
[Black "Da Costa, Loyson Rodrigues"]
[Result "0-1"]
[WhiteElo "1844"]
[BlackElo "1885"]
[PlyCount "38"]
[EventDate "2023.01.12"]
[EventType "swiss"]
[EventRounds "7"]
[EventCountry "BRA"]
[SourceTitle "CBM 212 Extra"]
[Source "ChessBase"]
[SourceDate "2023.03.31"]
[SourceVersion "1"]
[SourceVersionDate "2023.03.31"]
[SourceQuality "1"]

1. e4 e6 2. d4 d5 3. Nc3 Nf6 4. Bd3 dxe4 5. Nxe4 Nbd7 6. Qf3 Be7 7. Be3 0-0 8. 0-0-0 c6 9. Nxf6+ Nxf6 10. Ne2 Qd5 11. Qg3 Qxa2 12. Nc3 Qa5 13. Bh6 Ne8 14. d5 exd5 15. Rhe1 Bf6 16. Rd2 Be6 17. h4 Qd8 18. h5 Bh4 19. Qf4 gxh6 0-1

[Event "Salvador op"]
[Site "Salvador"]
[Date "2023.01.??"]
[Round "?"]
[White "Gonzalez, Bolivar Ribeiro"]
[Black "Da Costa, Loyson Rodrigues"]
[Result "1-0"]
[WhiteElo "2292"]
[BlackElo "1885"]
[PlyCount "47"]
[EventDate "2023.01.12"]
[EventType "swiss"]
[EventRounds "7"]
[EventCountry "BRA"]
[SourceTitle "CBM 212 Extra"]
[Source "ChessBase"]
[SourceDate "2023.03.31"]
[SourceVersion "1"]
[SourceVersionDate "2023.03.31"]
[SourceQuality "1"]

1. e4 e6 2. d4 d5 3. Nc3 Nf6 4. Bg5 Be7 5. e5 Nfd7 6. h4 c5 7. Bxe7 Qxe7 8. Nb5 0-0 9. Nc7 cxd4 10. Qd2 Nxe5 11. Nxa8 Nbc6 12. Nf3 Nxf3+ 13. gxf3 f6 14. Bb5 e5 15. Bxc6 bxc6 16. Qa5 Rf7 17. 0-0-0 Qb7 18. Qd8+ Rf8 19. Qc7 Qxa8 20. Rhg1 g6 21. h5 Bf5 22. hxg6 hxg6 23. Rh1 Rf7 24. Rh8+ 1-0

[Event "Natal zt 2.4"]
[Site "Natal"]
[Date "2022.10.04"]
[Round "3"]
[White "Pinto, Carlos Henrique Lop"]
[Black "Da Costa, Loyson Rodrigues"]
[Result "0-1"]
[WhiteElo "2152"]
[BlackElo "1872"]
[PlyCount "70"]
[EventDate "2022.10.03"]
[EventType "swiss"]
[EventRounds "9"]
[EventCountry "BRA"]
[SourceTitle "EXT 2024"]
[Source "ChessBase"]
[SourceDate "2023.10.10"]
[SourceVersion "1"]
[SourceVersionDate "2023.10.10"]
[SourceQuality "1"]

1. d4 d5 2. Nf3 Nf6 3. c4 c6 4. cxd5 cxd5 5. Nc3 Nc6 6. Bf4 a6 7. e3 e6 8. Bd3 Bd6 9. Bxd6 Qxd6 10. 0-0 0-0 11. a3 b5 12. Rc1 Bb7 13. Nd2 e5 14. Nb3 exd4 15. exd4 b4 16. Ne2 Nd7 17. Ng3 g6 18. Qg4 Rfd8 19. Rfe1 Nf8 20. Nf5 Qf6 21. Re3 Ne6 22. Rg3 bxa3 23. bxa3 Rac8 24. Re1 Kh8 25. Nh6 Rc7 26. Rf3 Qg7 27. Qh4 g5 28. Qg4 Qxh6 29. Rh3 Qf6 30. Rxh7+ Kg8 31. Rxe6 Bc8 32. Rxf6 Bxg4 33. Rfh6 Be6 34. Rxe6 Nxd4 35. Re5 Ne6 0-1

[Event "Niteroi op 2nd"]
[Site "Niteroi"]
[Date "2022.09.05"]
[Round "7"]
[White "Rabello, Gabriel Urubatan Fr"]
[Black "Da Costa, Loyson Rodrigues"]
[Result "1/2-1/2"]
[WhiteElo "1700"]
[BlackElo "1891"]
[PlyCount "86"]
[EventDate "2022.09.01"]
[EventType "swiss"]
[EventRounds "9"]
[EventCountry "BRA"]
[SourceTitle "CBM 210 Extra"]
[Source "ChessBase"]
[SourceDate "2022.11.30"]
[SourceVersion "1"]
[SourceVersionDate "2022.11.30"]
[SourceQuality "1"]

1. Nf3 d5 2. c4 c6 3. d4 Nf6 4. Nc3 dxc4 5. a4 Bf5 6. e3 e6 7. Bxc4 Bb4 8. 0-0 0-0 9. h3 Nbd7 10. Nh4 Nb6 11. Bb3 Nfd5 12. Nxd5 Nxd5 13. Nxf5 exf5 14. Bd2 Be7 15. Qf3 g6 16. Bxd5 Qxd5 17. Qxd5 cxd5 18. Rfc1 Rfc8 19. f3 Kf8 20. Kf1 Ke8 21. Ke2 Kd7 22. Kd3 Rxc1 23. Rxc1 Rc8 24. Rc3 Rc6 25. b4 Ra6 26. Ra3 Re6 27. Rb3 Rb6 28. b5 Re6 29. Rb1 Bd6 30. g4 h5 31. Rg1 fxg4 32. hxg4 hxg4 33. Rxg4 f5 34. Rg2 Be7 35. f4 g5 36. fxg5 Rg6 37. Rh2 Rxg5 38. Rh7 Rg8 39. Bb4 Re8 40. Ke2 Ke6 41. Bxe7 Rxe7 42. Rxe7+ Kxe7 43. Kf3 b6 1/2-1/2

[Event "Niteroi op 2nd"]
[Site "Niteroi"]
[Date "2022.09.02"]
[Round "3"]
[White "Silva, Juliana Figueira Th"]
[Black "Da Costa, Loyson Rodrigues"]
[Result "0-1"]
[WhiteElo "1328"]
[BlackElo "1891"]
[PlyCount "104"]
[EventDate "2022.09.01"]
[EventType "swiss"]
[EventRounds "9"]
[EventCountry "BRA"]
[SourceTitle "CBM 210 Extra"]
[Source "ChessBase"]
[SourceDate "2022.11.30"]
[SourceVersion "1"]
[SourceVersionDate "2022.11.30"]
[SourceQuality "1"]

1. Nf3 d5 2. g3 Nf6 3. Bg2 c5 4. d3 Nc6 5. 0-0 e5 6. Nfd2 Be6 7. e4 d4 8. f4 g6 9. Nc4 Bxc4 10. dxc4 Bg7 11. Nd2 0-0 12. Qe2 Nd7 13. Nf3 Qc7 14. Bd2 Rae8 15. Qf2 f5 16. Nh4 Bf6 17. exf5 Bxh4 18. gxh4 Rxf5 19. Be4 Rf6 20. Bd5+ Kh8 21. Qg3 e4 22. c3 e3 23. Rae1 Ref8 24. Bc1 Rxf4 25. Bxc6 bxc6 26. b4 Rxf1+ 27. Rxf1 Qxg3+ 28. hxg3 Re8 29. cxd4 cxd4 30. Bb2 Re4 31. Re1 Kg8 32. Bc1 Ne5 33. Kg2 e2 34. b5 cxb5 35. c5 d3 36. Kf2 Kf7 37. Bf4 Ke6 38. Rc1 Rc4 39. Re1 Rxc5 40. Be3 Ng4+ 41. Kf3 Nxe3 42. Kxe3 Rd5 43. Kd2 Ke5 44. Rb1 a5 45. a3 Ke4 46. Rb3 Kf3 47. Rb1 Kf2 48. Rh1 Re5 49. Re1 Re3 50. g4 Rg3 51. Rh1 Rg1 52. Rh2+ Kg3 0-1

[Event "Salvador Bahia zt"]
[Site "Salvador"]
[Date "2018.06.03"]
[Round "6"]
[White "Da Costa, Loyson Rodrigues"]
[Black "Neves, Carlos Alberto"]
[Result "1/2-1/2"]
[WhiteElo "1854"]
[BlackElo "1944"]
[PlyCount "83"]
[EventDate "2018.05.31"]
[EventType "swiss"]
[EventRounds "6"]
[EventCountry "BRA"]
[SourceTitle "EXT 2019"]
[Source "ChessBase"]
[SourceDate "2018.10.10"]
[SourceVersion "1"]
[SourceVersionDate "2018.10.10"]
[SourceQuality "1"]

1. d4 f5 2. c4 Nf6 3. Nc3 e6 4. f3 Be7 5. e4 fxe4 6. fxe4 0-0 7. Nf3 c6 8. Bd3 Qe8 9. Bg5 d6 10. Qc2 h6 11. Bd2 Na6 12. a3 Nc7 13. 0-0-0 b5 14. e5 dxe5 15. Nxe5 Bb7 16. c5 a5 17. Ng6 b4 18. Nxe7+ Qxe7 19. Ne4 bxa3 20. bxa3 Nxe4 21. Bxe4 Nb5 22. Qd3 a4 23. Kb1 Rad8 24. Qg3 Rxd4 25. Qg6 Rf6 26. Qh7+ Kf7 27. Bxh6 Rxd1+ 28. Rxd1 Nc3+ 29. Kc2 Rf2+ 30. Rd2 Rxd2+ 31. Bxd2 Nxe4 32. Qxe4 Qxc5+ 33. Bc3 Qf2+ 34. Bd2 Qf5 35. Qxf5+ exf5 36. Be3 Ba6 37. h4 g6 38. g3 Ke6 39. Kc3 Kd5 40. Bf4 c5 41. Bb8 Ke4 42. Bf4 1/2-1/2

[Event "Salvador Bahia zt"]
[Site "Salvador"]
[Date "2018.06.03"]
[Round "5"]
[White "Zallio, Luciano de Souza"]
[Black "Da Costa, Loyson Rodrigues"]
[Result "1/2-1/2"]
[WhiteElo "2226"]
[BlackElo "1854"]
[PlyCount "58"]
[EventDate "2018.05.31"]
[EventType "swiss"]
[EventRounds "6"]
[EventCountry "BRA"]
[SourceTitle "EXT 2019"]
[Source "ChessBase"]
[SourceDate "2018.10.10"]
[SourceVersion "1"]
[SourceVersionDate "2018.10.10"]
[SourceQuality "1"]

1. e4 e6 2. d4 d5 3. e5 c5 4. c3 Nc6 5. Nf3 Qb6 6. Be2 cxd4 7. cxd4 Nh6 8. b3 Nf5 9. Bb2 Bb4+ 10. Kf1 Be7 11. g3 Bd7 12. Kg2 h5 13. h4 0-0-0 14. Nc3 f6 15. Na4 Qc7 16. Rc1 Kb8 17. a3 Rdg8 18. b4 Qd8 19. Nc5 Bc8 20. Bb5 g5 21. Bxc6 Bxc5 22. Rxc5 bxc6 23. exf6 gxh4 24. Ne5 Qxf6 25. Qb3 Nxg3 26. Qf3 Nxh1+ 27. Kxh1 Qxf3+ 28. Nxf3 Rf8 29. Rc3 Rhg8 1/2-1/2

[Event "Florianopolis op 3rd"]
[Site "Florianopolis"]
[Date "2017.01.26"]
[Round "10"]
[White "Da Costa, Loyson Rodrigues"]
[Black "Do Prado, Hamilton Mesquita"]
[Result "0-1"]
[WhiteElo "1962"]
[BlackElo "1718"]
[PlyCount "118"]
[EventDate "2017.01.20"]
[EventType "swiss"]
[EventRounds "10"]
[EventCountry "BRA"]
[SourceTitle "CBM 176 Extra"]
[Source "ChessBase"]
[SourceDate "2017.03.02"]
[SourceVersion "1"]
[SourceVersionDate "2017.03.02"]
[SourceQuality "1"]

1. d4 d5 2. c4 e5 3. dxe5 d4 4. Nf3 Nc6 5. a3 a5 6. e3 Bg4 7. Be2 Bc5 8. exd4 Bxf3 9. Bxf3 Qxd4 10. Bxc6+ bxc6 11. Qxd4 Bxd4 12. 0-0 Ne7 13. Ra2 Ng6 14. Re1 0-0 15. Be3 Bxe5 16. Nd2 Rab8 17. Rb1 a4 18. b4 Rfd8 19. Ne4 Bd6 20. Nc3 Ra8 21. Rd2 Ne5 22. Rd4 Be7 23. Rbd1 Rxd4 24. Rxd4 c5 25. bxc5 Bxc5 26. Re4 Bxe3 27. fxe3 f6 28. c5 Rb8 29. Rxa4 Rb3 30. Nd1 Rd3 31. Nf2 Rxe3 32. h3 c6 33. Ne4 Re1+ 34. Kf2 Rc1 35. g4 Nd3+ 36. Ke3 Nxc5 37. Nxc5 Rxc5 38. Kd4 Rc1 39. Rc4 Ra1 40. Rc3 g6 41. Kc5 Kf7 42. Kxc6 f5 43. gxf5 gxf5 44. Kb5 Kg6 45. Rg3+ Kf6 46. Kb4 f4 47. Rg8 Kf5 48. Rh8 Rb1+ 49. Kc4 Kg6 50. Rf8 Kg5 51. Rh8 h5 52. a4 Rb6 53. Rf8 Rf6 54. Re8 f3 55. Re1 Kf4 56. Kb5 f2 57. Rc1 Kg3 58. a5 f1Q+ 59. Rxf1 Rxf1 0-1

[Event "Florianopolis op 3rd"]
[Site "Florianopolis"]
[Date "2017.01.25"]
[Round "8"]
[White "Da Costa, Loyson Rodrigues"]
[Black "Aramburu, Gabriel"]
[Result "1-0"]
[WhiteElo "1962"]
[BlackElo "1680"]
[PlyCount "42"]
[EventDate "2017.01.20"]
[EventType "swiss"]
[EventRounds "10"]
[EventCountry "BRA"]
[SourceTitle "EXT 2018"]
[Source "ChessBase"]
[SourceDate "2017.10.13"]
[SourceVersion "1"]
[SourceVersionDate "2017.10.13"]
[SourceQuality "1"]

1. d4 Nf6 2. c4 e6 3. Nc3 Bb4 4. Qc2 0-0 5. e4 Bxc3+ 6. bxc3 Ne8 7. Bd3 c5 8. Ne2 Nc6 9. a4 e5 10. Be3 b6 11. dxc5 bxc5 12. Bxc5 d6 13. Ba3 Ba6 14. c5 Bxd3 15. Qxd3 Nf6 16. cxd6 Qd7 17. 0-0 Rfd8 18. c4 Rac8 19. c5 Qg4 20. f3 Qe6 21. Rfd1 h5 1-0

[Event "Florianopolis op 3rd"]
[Site "Florianopolis"]
[Date "2017.01.23"]
[Round "6"]
[White "Da Costa, Loyson Rodrigues"]
[Black "Do Valle Cardoso, Lucas"]
[Result "0-1"]
[WhiteElo "1962"]
[BlackElo "1659"]
[PlyCount "102"]
[EventDate "2017.01.20"]
[EventType "swiss"]
[EventRounds "10"]
[EventCountry "BRA"]
[SourceTitle "CBM 176 Extra"]
[Source "ChessBase"]
[SourceDate "2017.03.02"]
[SourceVersion "1"]
[SourceVersionDate "2017.03.02"]
[SourceQuality "1"]

1. d4 d5 2. c4 c6 3. Nc3 e6 4. e3 Nf6 5. Bd3 Nbd7 6. Nge2 Bd6 7. b3 0-0 8. 0-0 Re8 9. f3 Qc7 10. h3 a6 11. Qc2 e5 12. Bb2 exd4 13. exd4 h6 14. c5 Bf4 15. Nxf4 Qxf4 16. Ne2 Qe3+ 17. Kh1 Nf8 18. Rae1 Bd7 19. Bc1 Qe7 20. Bf4 Ne6 21. Bd6 Qd8 22. Qd2 b6 23. b4 a5 24. a3 axb4 25. axb4 bxc5 26. bxc5 Qa5 27. Qe3 Nxc5 28. Be5 Nxd3 29. Qxd3 c5 30. Bxf6 c4 31. Qc3 gxf6 32. Ra1 Qxc3 33. Nxc3 Rxa1 34. Rxa1 Be6 35. Ra5 Kf8 36. Nxd5 Bxd5 37. Rxd5 Rc8 38. Ra5 c3 39. Ra1 c2 40. Rc1 Ke7 41. Kg1 Kd6 42. Kf2 Kd5 43. Ke2 Kxd4 44. Kd2 f5 45. g3 Rc3 46. Ke2 Kc4 47. h4 Kb3 48. Kd2 Kb2 49. Rf1 c1Q+ 50. Rxc1 Rxc1 51. Ke3 Kc3 0-1

[Event "Florianopolis op 3rd"]
[Site "Florianopolis"]
[Date "2017.01.21"]
[Round "3"]
[White "Frankental, David"]
[Black "Da Costa, Loyson Rodrigues"]
[Result "1-0"]
[WhiteElo "1782"]
[BlackElo "1962"]
[PlyCount "127"]
[EventDate "2017.01.20"]
[EventType "swiss"]
[EventRounds "10"]
[EventCountry "BRA"]
[SourceTitle "CBM 176 Extra"]
[Source "ChessBase"]
[SourceDate "2017.03.02"]
[SourceVersion "1"]
[SourceVersionDate "2017.03.02"]
[SourceQuality "1"]

1. d4 d5 2. c4 c6 3. Nc3 Nf6 4. Nf3 dxc4 5. a4 Bf5 6. e3 e6 7. Bxc4 Bb4 8. Bd3 Bxd3 9. Qxd3 Nbd7 10. Bd2 Qe7 11. Ne4 Nd5 12. Nc3 0-0 13. Nxd5 cxd5 14. 0-0 Bd6 15. e4 Nb6 16. e5 Bb4 17. Bxb4 Qxb4 18. b3 h6 19. a5 Nd7 20. Ra4 Qe7 21. Rc1 Rac8 22. Rc3 Rc6 23. Rxc6 bxc6 24. Qc3 c5 25. dxc5 Nxc5 26. Ra1 Rb8 27. Nd4 Ne4 28. Nc6 Nxc3 29. Nxe7+ Kf8 30. Nc6 Rb7 31. f3 Ke8 32. a6 Rc7 33. Nd4 Kd7 34. Kf2 f6 35. f4 Ke8 36. Ra5 Kd7 37. Nb5 Nxb5 38. Rxb5 Kc6 39. Rb8 fxe5 40. fxe5 d4 41. Ke2 Kd5 42. Rb7 Rc3 43. Rxg7 Rxb3 44. Rxa7 Kxe5 45. Ra8 Ke4 46. Re8 e5 47. a7 Rb2+ 48. Kd1 Kd3 49. Kc1 Ra2 50. a8Q Rxa8 51. Rxa8 e4 52. Ra3+ Ke2 53. Ra2+ Ke3 54. Kd1 h5 55. Ke1 d3 56. h3 h4 57. Rf2 Kd4 58. Rf4 Ke3 59. Rxh4 d2+ 60. Kd1 Kd3 61. Rxe4 Kxe4 62. Kxd2 Kf4 63. Ke2 Kg3 64. Kf1 1-0

[Event "Brasilia Terraviva op"]
[Site "Brasilia"]
[Date "2017.01.08"]
[Round "6"]
[White "Japiassu, Ricardo de Villa No"]
[Black "Da Costa, Loyson Rodrigues"]
[Result "1-0"]
[WhiteElo "1887"]
[BlackElo "1962"]
[PlyCount "131"]
[EventDate "2017.01.06"]
[EventType "swiss"]
[EventRounds "6"]
[EventCountry "BRA"]
[SourceTitle "CBM 176 Extra"]
[Source "ChessBase"]
[SourceDate "2017.03.02"]
[SourceVersion "1"]
[SourceVersionDate "2017.03.02"]
[SourceQuality "1"]

1. c4 c6 2. Nf3 d5 3. b3 Nf6 4. Bb2 Bf5 5. g3 Nbd7 6. Bg2 e6 7. d3 h6 8. 0-0 Be7 9. Nbd2 0-0 10. a3 Bd6 11. Re1 e5 12. e4 dxe4 13. dxe4 Be6 14. b4 b6 15. Nh4 Qc7 16. Nf5 Rfd8 17. Nxd6 Qxd6 18. Qc2 c5 19. b5 Ne8 20. h3 f6 21. Nf1 Bf7 22. Rad1 Qb8 23. Ne3 Nc7 24. Nf5 Kf8 25. Qe2 Ne6 26. Qg4 h5 27. Qe2 Nd4 28. Qf1 Qc7 29. Ne3 Kg8 30. Nd5 Qd6 31. f4 g6 32. Rd2 Rf8 33. Rf2 Be8 34. Bc1 a6 35. fxe5 fxe5 36. bxa6 Rxa6 37. Bg5 Kg7 38. Rxf8 Qxf8 39. Qd3 Ne6 40. Rf1 Qd6 41. Bc1 g5 42. h4 g4 43. Qd2 Nd4 44. Qg5+ Qg6 45. Qe7+ Kg8 46. Rf8+ Nxf8 47. Nf6+ Qxf6 48. Qxf6 Ne2+ 49. Kf2 Nxc1 50. Qg5+ Kf7 51. Qxc1 Ne6 52. Qh6 Ke7 53. Qh7+ Bf7 54. Qf5 Rxa3 55. Qxe5 Rd3 56. Qb8 Rd4 57. Bf1 Kf6 58. Ke3 Bg6 59. Bd3 Bf7 60. Qxb6 Rd7 61. Qb8 Rc7 62. Qh8+ Ke7 63. e5 Ra7 64. Qf6+ Ke8 65. Bg6 Ra3+ 66. Ke4 1-0

[Event "Ireceense-ch 2a Etapa"]
[Site "Irece"]
[Date "2016.05.15"]
[Round "5"]
[White "Da Costa, Loyson Rodrigues"]
[Black "Oliveira, Marinaldo Santos"]
[Result "1-0"]
[WhiteElo "1952"]
[BlackElo "1691"]
[PlyCount "53"]
[EventDate "2016.05.14"]
[EventType "swiss"]
[EventRounds "6"]
[EventCountry "BRA"]
[SourceTitle "EXT 2022"]
[Source "ChessBase"]
[SourceDate "2021.10.06"]
[SourceVersion "1"]
[SourceVersionDate "2021.10.06"]
[SourceQuality "1"]

1. d4 d5 2. c4 c6 3. Nc3 Nf6 4. Nf3 dxc4 5. a4 Na6 6. Ne5 Ng4 7. Nxc4 e5 8. Nxe5 Bf5 9. Nxg4 Bxg4 10. f3 Bf5 11. e4 Be6 12. Be3 Qb6 13. Qd2 c5 14. Bb5+ Bd7 15. Bxd7+ Ke7 16. Bb5 Rd8 17. d5 Nb4 18. a5 Qd6 19. Na4 Rc8 20. Rc1 b6 21. axb6 axb6 22. 0-0 g6 23. Bg5+ f6 24. Bf4 Qd8 25. d6+ Kf7 26. Bc4+ Kg7 27. Bh6# 1-0

[Event "Ireceense-ch 2a Etapa"]
[Site "Irece"]
[Date "2016.05.15"]
[Round "6"]
[White "Fiaes, Mario Henrique"]
[Black "Da Costa, Loyson Rodrigues"]
[Result "0-1"]
[WhiteElo "2136"]
[BlackElo "1952"]
[PlyCount "68"]
[EventDate "2016.05.14"]
[EventType "swiss"]
[EventRounds "6"]
[EventCountry "BRA"]
[SourceTitle "EXT 2022"]
[Source "ChessBase"]
[SourceDate "2021.10.06"]
[SourceVersion "1"]
[SourceVersionDate "2021.10.06"]
[SourceQuality "1"]

1. d4 d5 2. c4 c6 3. Nc3 Nf6 4. Nf3 dxc4 5. a4 Bf5 6. Ne5 Nbd7 7. Nxc4 Qc7 8. f3 e5 9. e4 exd4 10. Qxd4 Bc5 11. Qd1 Be6 12. Qc2 0-0 13. Be2 a6 14. Bg5 b5 15. Nd2 b4 16. Nd1 Bd6 17. Nf1 a5 18. Nde3 h6 19. Bh4 b3 20. Qc1 Bb4+ 21. Kf2 c5 22. Bc4 Nb6 23. Bxf6 gxf6 24. Ng3 Qe5 25. Rd1 Nxc4 26. Nxc4 Bxc4 27. Qxc4 Qxb2+ 28. Kg1 Qc3 29. Qd5 b2 30. Rab1 Rfd8 31. Qa2 Rxd1+ 32. Rxd1 c4 33. Nf5 Qc2 34. Rb1 Bc5+ 0-1

[Event "Ireceense-ch"]
[Site "Irece"]
[Date "2016.03.19"]
[Round "2"]
[White "Da Costa, Loyson Rodrigues"]
[Black "Rodrigues, Clesio Masio Bonfim"]
[Result "1-0"]
[WhiteElo "1952"]
[BlackElo "1517"]
[PlyCount "83"]
[EventDate "2016.03.19"]
[EventType "swiss"]
[EventRounds "6"]
[EventCountry "BRA"]
[SourceTitle "EXT 2022"]
[Source "ChessBase"]
[SourceDate "2021.10.06"]
[SourceVersion "1"]
[SourceVersionDate "2021.10.06"]
[SourceQuality "1"]

1. d4 d5 2. c4 e6 3. Nc3 Nc6 4. Nf3 Be7 5. cxd5 exd5 6. a3 Nf6 7. Bg5 0-0 8. Qb3 a6 9. e3 Ng4 10. Bxe7 Nxe7 11. Bd3 Re8 12. a4 c6 13. a5 Nf5 14. Qc2 Nfxe3 15. fxe3 Nxe3 16. Qb1 Nc2+ 17. Kf2 Nxa1 18. Qxa1 Qe7 19. Re1 Qd8 20. Rxe8+ Qxe8 21. Qe1 Qxe1+ 22. Kxe1 Bg4 23. Ne5 Re8 24. Kf2 Bh5 25. Nd7 Bg4 26. Nc5 Re7 27. h3 Bh5 28. N3a4 f5 29. Nb6 Rf7 30. Nc8 f4 31. Nd6 f3 32. Nxf7 Kxf7 33. g4 Bg6 34. Bxg6+ Kxg6 35. Kxf3 h5 36. Nxb7 hxg4+ 37. hxg4 Kg5 38. Nc5 Kf6 39. Nxa6 Ke6 40. Nc5+ Kd6 41. Kf4 Ke7 42. a6 1-0

[Event "Irece IRT 1st"]
[Site "Irece"]
[Date "2015.12.16"]
[Round "7"]
[White "Souza, Jailson"]
[Black "Da Costa, Loyson Rodrigues"]
[Result "0-1"]
[WhiteElo "1844"]
[BlackElo "1956"]
[PlyCount "90"]
[EventDate "2015.12.14"]
[EventType "tourn"]
[EventRounds "9"]
[EventCountry "BRA"]
[SourceTitle "EXT 2022"]
[Source "ChessBase"]
[SourceDate "2021.10.06"]
[SourceVersion "1"]
[SourceVersionDate "2021.10.06"]
[SourceQuality "1"]

1. d4 d5 2. Nf3 Nf6 3. c4 c6 4. cxd5 cxd5 5. Nc3 Nc6 6. e3 a6 7. Ne5 e6 8. Qa4 Bd7 9. Nxd7 Qxd7 10. Bb5 Bd6 11. Bd2 0-0 12. Bxc6 bxc6 13. Rc1 e5 14. 0-0 e4 15. h3 Qe6 16. Ne2 Rfc8 17. Rc2 Nd7 18. Ba5 c5 19. dxc5 Nxc5 20. Qd4 Be5 21. Qd2 Nd3 22. Nd4 Bxd4 23. exd4 f5 24. Rd1 f4 25. Bc3 Rc6 26. Qe2 Qf5 27. Qg4 Qf7 28. Rdd2 Rg6 29. Qh4 f3 30. g4 Rh6 31. Qg3 Nf4 32. h4 Ne2+ 33. Rxe2 fxe2 34. Rxe2 Rf6 35. Re3 a5 36. Be1 Rf4 37. Rc3 Rf3 38. Qd6 Rxc3 39. Bxc3 Rf8 40. Be1 e3 41. f4 Qxf4 42. Qxd5+ Kh8 43. Qg2 Qxd4 44. Bc3 Qd1+ 45. Kh2 Rf2 0-1

[Event "Baianos-ch"]
[Site "Salvador"]
[Date "2015.10.12"]
[Round "7"]
[White "Da Costa, Loyson Rodrigues"]
[Black "Lenares, Braulio Cardoso"]
[Result "1-0"]
[WhiteElo "1983"]
[BlackElo "1947"]
[PlyCount "58"]
[EventDate "2015.10.09"]
[EventType "swiss"]
[EventRounds "7"]
[EventCountry "BRA"]
[SourceTitle "EXT 2022"]
[Source "ChessBase"]
[SourceDate "2021.10.06"]
[SourceVersion "1"]
[SourceVersionDate "2021.10.06"]
[SourceQuality "1"]

1. d4 d5 2. c4 c6 3. Nc3 Nf6 4. Nf3 e6 5. Bg5 Bb4 6. e3 Qa5 7. Bxf6 Bxc3+ 8. bxc3 Qxc3+ 9. Nd2 gxf6 10. Rb1 Nd7 11. Be2 e5 12. Rb3 Qa5 13. Qc2 Nb6 14. c5 Nc4 15. Bxc4 dxc4 16. Rc3 Be6 17. 0-0 Rg8 18. Nxc4 Bxc4 19. Rxc4 Rg6 20. dxe5 fxe5 21. Qf5 Qxa2 22. Qxe5+ Re6 23. Qh8+ Ke7 24. Qxa8 Qxc4 25. Qxb7+ Kf8 26. Qxa7 Rg6 27. Qb8+ Kg7 28. Qe5+ Rf6 29. g3 Kg6 1-0

[Event "Baianos-ch"]
[Site "Salvador"]
[Date "2015.10.12"]
[Round "6"]
[White "Rodrigues, Clayton Marques"]
[Black "Da Costa, Loyson Rodrigues"]
[Result "1/2-1/2"]
[WhiteElo "1895"]
[BlackElo "1983"]
[PlyCount "23"]
[EventDate "2015.10.09"]
[EventType "swiss"]
[EventRounds "7"]
[EventCountry "BRA"]
[SourceTitle "EXT 2022"]
[Source "ChessBase"]
[SourceDate "2021.10.06"]
[SourceVersion "1"]
[SourceVersionDate "2021.10.06"]
[SourceQuality "1"]

1. d4 d5 2. Nf3 Nf6 3. e3 Bf5 4. Bd3 Bxd3 5. Qxd3 a6 6. 0-0 e6 7. b3 c5 8. dxc5 Bxc5 9. c4 Qe7 10. Nc3 dxc4 11. Qxc4 0-0 12. Bb2 1/2-1/2

[Event "Baianos-ch"]
[Site "Salvador"]
[Date "2015.10.11"]
[Round "4"]
[White "Da Costa, Loyson Rodrigues"]
[Black "Marques, Eudes Pinto"]
[Result "1/2-1/2"]
[WhiteElo "1983"]
[BlackElo "1831"]
[PlyCount "110"]
[EventDate "2015.10.09"]
[EventType "swiss"]
[EventRounds "7"]
[EventCountry "BRA"]
[SourceTitle "EXT 2022"]
[Source "ChessBase"]
[SourceDate "2021.10.06"]
[SourceVersion "1"]
[SourceVersionDate "2021.10.06"]
[SourceQuality "1"]

1. d4 Nf6 2. c4 g6 3. Nc3 Bg7 4. e4 d6 5. f3 0-0 6. Be3 c6 7. Qd2 e5 8. d5 Ne8 9. 0-0-0 f5 10. Bh6 f4 11. Bxg7 Kxg7 12. h4 c5 13. g3 Qf6 14. Bh3 Bxh3 15. Rxh3 fxg3 16. Nce2 Nd7 17. Rf1 Kg8 18. Nxg3 Qf4 19. N1e2 Qxd2+ 20. Kxd2 Nef6 21. Rg1 Kf7 22. h5 a6 23. hxg6+ hxg6 24. a4 Rh8 25. Rgh1 Rxh3 26. Rxh3 b5 27. axb5 Nb6 28. b3 axb5 29. cxb5 Ra3 30. Nc3 Rxb3 31. Kc2 Ra3 32. Rh8 Nfd7 33. Nge2 Ra1 34. f4 Rf1 35. fxe5 Nxe5 36. Rb8 Ned7 37. Rb7 Ke8 38. Ra7 Nc8 39. Ra8 Ndb6 40. Ra6 g5 41. Nd1 Rf3 42. Ra1 Rf1 43. Ra3 Rf7 44. Rg3 Rg7 45. Rg4 Kf7 46. Ne3 Ne7 47. Ng3 Rg8 48. Ngf5 Rg6 49. Nxe7 Kxe7 50. Nf5+ Kd8 51. Nh4 Rh6 52. Nf3 Rf6 53. Nxg5 Rf2+ 54. Kc3 Rf6 55. Rg1 Rf2 1/2-1/2

[Event "BRA Bahia zt"]
[Site "Salvador"]
[Date "2015.06.04"]
[Round "3"]
[White "Da Costa, Loyson Rodrigues"]
[Black "Barreto Junior, Williem Silva"]
[Result "1/2-1/2"]
[WhiteElo "1976"]
[BlackElo "2015"]
[PlyCount "56"]
[EventDate "2015.06.04"]
[EventType "swiss"]
[EventRounds "7"]
[EventCountry "BRA"]
[SourceTitle "EXT 2022"]
[Source "ChessBase"]
[SourceDate "2021.10.06"]
[SourceVersion "1"]
[SourceVersionDate "2021.10.06"]
[SourceQuality "1"]

1. d4 Nf6 2. c4 e6 3. Nf3 b6 4. g3 Ba6 5. b3 Bb4+ 6. Bd2 Be7 7. Qc2 0-0 8. Bg2 Bb7 9. Nc3 c5 10. e3 d5 11. dxc5 dxc4 12. cxb6 cxb3 13. Qxb3 axb6 14. 0-0 Nbd7 15. Rab1 Ra3 16. Qd1 Ba6 17. Re1 Nc5 18. Ne5 Qc7 19. Nc6 Nd3 20. Rf1 Bc5 21. Rb3 Rxb3 22. Qxb3 Ne5 23. Nb5 Bxb5 24. Qxb5 Nxc6 25. Bxc6 Rd8 26. Bc3 Nd5 27. Bb2 Nb4 28. Be4 Qe7 1/2-1/2